[Event "Seebach op 23rd"]
[Site "Grossenseebach"]
[Date "2012.06.08"]
[Round "4"]
[White "Wagner, Robert"]
[Black "Bodky, Daniel"]
[Result "1-0"]
[WhiteElo "1801"]
[BlackElo "1123"]
[PlyCount "41"]
[EventDate "2012.06.07"]
[EventType "swiss"]
[EventRounds "7"]
[EventCountry "GER"]
[SourceTitle "EXT 2013"]
[Source "ChessBase"]
[SourceDate "2012.11.22"]
[SourceVersion "1"]
[SourceVersionDate "2012.11.22"]
[SourceQuality "1"]

1. d4 Nf6 2. c4 c5 3. d5 b5 4. cxb5 a6 5. bxa6 Bxa6 6. Nc3 d6 7. e4 Bxf1 8. Kxf1 Nbd7 9. Nf3 g6 10. h3 h6 11. g3 Bg7 12. Kg2 0-0 13. Qc2 e6 14. Bf4 Nb6 15. dxe6 fxe6 16. Rad1 d5 17. exd5 Nbxd5 18. Nxd5 Nxd5 19. Be5 Rxa2 20. Qxg6 Qe7 21. Bxg7 1-0